000
00296nam a2200109Ia 4500
008
200302s9999 xx 000 0 und d
100
_a
Richard Economakis
245
_a
Building Classical A Vision of Europe and America
260
_b
Academy Editions Group Ltd.
260
_c
1993
300
_a
299 P.,
999
_c
1928
_d
1928